| 000 | 00585nam a2200193Ia 4500 | ||
|---|---|---|---|
| 003 | GCL | ||
| 005 | 20240530110408.0 | ||
| 008 | 140319s9999 xx 000 0 ara d | ||
| 040 |
_aGCL / _cGCL |
||
| 082 | 0 | 4 |
_a812.009 _bم ن |
| 100 | 1 | _aمحمد حامد الخضرى | |
| 245 | 1 | 0 |
_aالنقد الادبى الحديث فى تطوير ادب المسرحية / _cمحمد حامد الخضرى |
| 300 | _a167 | ||
| 490 |
_a100 قصة _v0 |
||
| 650 | 0 | 4 | _aالمسرح العربى |
| 650 | 0 | 4 | _aالمسرح - نقد |
| 650 | 0 | 4 | _aالمسرحيات - نقد |
| 942 |
_2ddc _cBK |
||
| 999 |
_c60397 _d60397 |
||